000 00549 a2200169 4500
005 20260328094236.0
008 260328b |||||||| |||| 00| 0 eng d
020 _a9788126434176
080 _aFM
_bHOS/T
100 _aHosseini,Khaled
245 _aThilakkamaarnna oraayiram sooryanmaar(തിളക്കമാർന്ന ഒരായിരം സൂര്യന്മാർ)
260 _bD C books.
_aKottayam.
_c2025.
300 _a382p.
500 _a"A Thousand Splendid Suns" English Title
700 _aRema Menon; tr.by
942 _cOO
999 _c115302
_d115301